00599nam a2200145Ia 4500008004100000100002200041245006500063245011400128260004900242260000900291650001300300856004800313999001900361952007300380170221s9999 xx 000 0 und d aBugariski, Oliver aAuditor resignations before and after the Sarbanes-Oxley Act cOliver Bugariski, RWDSU Health & Welfare and Pension Funds; Terry J. Ward, Middle Tennessee State University. bJournal of Management and Marketing Research c2015 xBusiness uhttp://www.aabri.com/manuscripts/111024.pdf c309347d309347 001040aCLbCLd2017-02-21l0r2017-02-21 00:00:00w2017-02-21yFOJ